| 000 | 01310nam a2200301 a 4500 | ||
|---|---|---|---|
| 001 | BRL_1305 | ||
| 005 | 20190320211134.0 | ||
| 008 | 030114t1998----u--ao#####---#000-0#eng-# | ||
| 020 | _a0810913968 | ||
| 041 | _aeng | ||
| 044 | _au | ||
| 050 | 4 |
_aNK535.C68 _b.E98 1998 |
|
| 245 | 1 | 0 |
_aThe extraordinary on the ordinary _bTextiles and Objects from the Collections of Lloyd Cotsen and the Neutrogena Corporation : works in Cloth, Ceramic, Wood, Metal, Straw, and Paper from Cultures throughout the World _cedited by Mary Hunt Kahlenberg ; photography by Pat Pollard. |
| 260 |
_aNew York _bHarry N. Abrams ; Museum of International Folk Art ; Museum of New Mexico _c1998 |
||
| 300 |
_a280 p. _bil. _c31 cm. |
||
| 500 | _aAu1546 | ||
| 500 | _aIncluye dedicatoria a Ruth Lechuga | ||
| 500 | _aIncluye índice | ||
| 504 | _aBibliografía: p. 268-272 | ||
| 600 | 1 | 4 |
_aCotsen, Lloyd E. _vExposiciones _xColecciones de arte _926444 |
| 610 | 2 | 4 |
_aNeutrogena Corporation _vExposiciones _xColecciones de arte _926445 |
| 610 | 2 | 4 |
_aMuseum of International Folk Art (Nuevo Mexico, Estados Unidos) _vExposiciones _926446 |
| 650 | 1 | 4 |
_aArtes decorativas _vExposiciones _zNuevo Mexico (Santa Fe) _926447 |
| 710 | 2 |
_aHunt Kahlenberg, Mary _926448 |
|
| 710 | 2 |
_aPollard, Pat _eil. _926449 |
|
| 902 | _aGRL | ||
| 942 |
_2lcc _cB |
||
| 999 |
_c10117 _d10117 |
||